| 000 | 00527nab a2200205 a 4500 | ||
|---|---|---|---|
| 005 | 20210219161453.0 | ||
| 008 | 991125s1985 mx 000 0 spa u | ||
| 035 | _aUPN01000185779 | ||
| 100 | 1 | _aMarina Torres, José Antonio | |
| 222 | 0 | _aAZ : | |
| 222 | 0 | _bREVISTA DE EDUCACION Y CULTURA | |
| 245 | 0 | 3 | _aEl abandono escolar |
| 260 | _aMéxico | ||
| 300 | _a36-39 | ||
| 362 | 0 | _a2012 No. 57, may. | |
| 653 | 0 | _aDESERCION ESCOLAR | |
| 653 | 0 | _aEDUCACION SECUNDARIA | |
| 653 | 0 | _aFRACASO ESCOLAR | |
| 905 | _aArticulo | ||
| 999 |
_c157882 _d157882 |
||